Представление документа в формате RUSMARC

ПолеНазваниеЗначение
  Тип записи a
  Библиографический уровень m
001 Контрольный номер RU/IS/BASE/292429852
005 Дата корректировки 20201206204631.2
010 Индекс ISBN __
a ISBN 5-85270-155-6
d Цена 200-00
101 Язык документа __
a Язык текста rus
c Язык оригинала rus
200 Заглавие и сведения об ответственности 1_
a Заглавие Народы и религии мира
e Сведения, относящиеся к заглавию энциклопедия
f Первые сведения об ответственности гл. ред. В. А. Тишков ; редкол.: О. Ю. Артемова [и др.]
b Общее обозначение материала Текст
210 Выходные данные __
a Место издания М.
c Издательство Большая Рос. энцикл.
d Дата издания 1999
215 Физическое описание __
a Объем 926, [2] с.
320 Библиография __
a Библиография Библиогр. в конце кн.
330 Аннотация __
a Аннотация В конце второго тысячелетия существовало свыше 3000 народов. Неопределенность их числа связана с различием критериев, которыми руководствуются ученые в квалификации народов. Современное человечество демонстрируете множество культур и религиозных конфессий, форм организации жизни, разнообразие физически (расовых различий).
606 Тематические рубрики __
a Основная рубрика Этнология
606 Тематические рубрики __
a Основная рубрика Теория этнологии
606 Тематические рубрики __
a Основная рубрика Религия. Мистика. Свободомыслие
606 Тематические рубрики __
a Основная рубрика Религиоведение
610 Ключевые слова __
a Ключевые слова этнография; христианство; православие; буддизм; католицизм; ислам; культура; протестантизм; быт; обряды; религиозная культура; религиозные секты; религиозные обряды; религиозные праздники; секты; традиции
686 Индексы других классификаций __
a Классификационный индекс 63.5я2
686 Индексы других классификаций __
a Классификационный индекс 86.2я2
701 Альтернативная интеллектуальная ответственность _1
a Фамилия Артемова
b Имя О. Ю.
f Даты Редактор
4 Код отношения 340
702 Вторичная интеллектуальная ответственность __
a Фамилия Тишков
b Имя В. А.
4 Код отношения Главный редактор
4 Код отношения 651
702 Вторичная интеллектуальная ответственность _1
a Фамилия Арутюнов
b Имя С. А.
4 Код отношения Редактор
4 Код отношения 340
702 Вторичная интеллектуальная ответственность _1
a Фамилия Кожановский
b Имя А. Н.
4 Код отношения Редактор
4 Код отношения 340
702 Вторичная интеллектуальная ответственность _1
a Фамилия Макаревич
b Имя В. М.
4 Код отношения Редактор
4 Код отношения 340
801 Источник записи _0
a Страна RU
b Организация Муниципальное бюджетное учреждение культуры "Централизованная библиотечная система" г. Сургут (Центральная городская библиотека им. А. С. Пушкина)
g Правила каталогизации КиК/Поспелова
801 Источник записи _1
a Страна RU
b Организация Муниципальное бюджетное учреждение культуры "Централизованная библиотечная система" г. Сургут (Центральная городская библиотека им. А. С. Пушкина)
g Правила каталогизации КиК/Поспелова
852 Данные о местонахождении __
j Шифр хранения 63.5я2
c Каталожный индекс 63.5я2; 86.2я2
i Авторский знак Н 30
901 Тип документа __
t Тип документа m
903 Характеристики (МАРС) __
a Дата передачи 20090407
969 Тип издания __
a Тип издания энциклопедия
990 Данные о заказе (DOS) 00
j Количество экземпляров (DOS) 1
t N записи в КСУ для И/У (DOS) 200904